01010nam a2200205 a 450000100100000000500170001000800410002704000250006810000520009324501970014526000680034230000340041059000750044470000200051970000390053974000220057804900090060095201780060999900170078700003611920200930074907.0111214s1905 dr 000 0 spa d aDO-SdBNPbspacBNPHU1 aOrtiz Fernández, Fernando,d1881-1969.96215214aHampa afro-cubana :blos negros brujos : apuntes para un estudiso de etnología criminal /cFernando Ortiz Fernández ; con una carta prólogo de Lombroso ; prólogo por Alberto N. Pamies. aMadrid :bBiblioteca de ciencias políticas y sociales,c1905. a406p. :bil, retrs. ;c21 cm. aPerteneció a la biblioteca personal de Juan Isidro Jimenes Grullón12aLombroso96215312aPamies, Alberto N.vpról.96215444aLos negros brujos aBNPD 00107-18PDaPDbPDcOId2011-12-14iLF1l0o p36119-10r2020-06-25w2020-06-25yLFPDzPerteneció a la biblioteca personal de Juan Isidro Jimenes GrullónZNo se presta c35610d35610